Mannichova reakcia v tandeme s CIAT. Štúdium stereoselektívnych adícií na karbonylovú skupinu.
Gespeichert in:
| 1. Verfasser: | |
|---|---|
| Weitere Verfasser: | |
| Format: | Manuskript Buch |
| Sprache: | Slowakisch |
| Veröffentlicht: |
2015
|
| Schlagworte: | |
| Online-Zugang: | http://is.stuba.sk/zp/portal_zp.pl?podrobnosti=113136 |
| Tags: |
Keine Tags, Fügen Sie das erste Tag hinzu!
|
MARC
| LEADER | 00000ntm a22000003a 4500 | ||
|---|---|---|---|
| 001 | stuzp53069 | ||
| 003 | SK-STU | ||
| 005 | 20160719154353.5 | ||
| 007 | ta | ||
| 008 | 150427s2015----xo-----f-mn---000-0-slo-d | ||
| 040 | |a STU |b slo | ||
| 041 | 0 | |a slo | |
| 100 | 1 | |a Brezániová, Zuzana |u 048140 |4 aut |U FCHPT Ústav organickej chémie, katalýzy a petrochémie |T FCHPT Oddelenie organickej chémie |X 43421 |U C8140 |Y 124 |7 43421 | |
| 242 | 0 | 1 | |a Mannich Reaction in Tandem with CIAT. The Study of Stereoselective Addition to a Carbonyl Group |y eng |
| 245 | 1 | 0 | |a Mannichova reakcia v tandeme s CIAT. Štúdium stereoselektívnych adícií na karbonylovú skupinu. |
| 260 | |c 2015 | ||
| 650 | 4 | |a Tapentadol |2 slo | |
| 650 | 4 | |a Mannichove bázy |2 slo | |
| 650 | 4 | |a kryštalizáciou-indukovaná asymetrická transformácia |2 slo | |
| 650 | 4 | |a Mannich bases |2 eng | |
| 650 | 4 | |a Tapentadol |2 eng | |
| 650 | 4 | |a crystallization-induced asymmetric transformation |2 eng | |
| 700 | 1 | |a Berkeš, Dušan, |d 1957- |4 ths |X 3351 |7 A000003351 | |
| 856 | 4 | |u http://is.stuba.sk/zp/portal_zp.pl?podrobnosti=113136 | |
| SQL | |a stuzp53069 |b DDP |c SLO |d Mannichova reakcia v tandeme s CIAT. Štúdium stereoselektívnych adícií na karbonylovú skupinu. |e 43421 |f Brezániová, Zuzana |g 048140 |h 3351 |i Berkeš, Dušan |j 20150608 |k 127 |l 04 |m http://is.stuba.sk/zp/portal_zp.pl?podrobnosti=113136 |n I-oTCHEM |o 4.1.14. chémia, 5.2.18. chemické technológie | ||